000
00334nam a2200145Ia 4500
100
_a
Kelkar / S.A/ Olson/M.H
942
_c
BK
654
_a
Information System
245
_a
Management Information System
260
_b
Prentice Hall
_a
New york
_c
2003
082
_a
658.45
_b
KEL
300
_a
255
546
_a
ENGLISH
999
_c
19216
_d
19216